Violencia familiar

Kaydedildi:
Detaylı Bibliyografya
Yazar: Cadoche, Sara Noemí (Yazar)
Materyal Türü: Kitap
Dil:İspanyolca
Baskı/Yayın Bilgisi: Buenos Aires Rubinzal-Culzoni 2002
Konular:
Etiketler: Etiketle
Etiket eklenmemiş, İlk siz ekleyin!

MARC

LEADER 00000nam a2200000 a 4500
001 UCL9090
003 CL-VaPUC
008 040716e20020000AG |||||||||||||||||spa|d
020 |a 9507273913 
082 0 4 |a 362.829  |b CAD  |2 21 
100 0 |a Cadoche, Sara Noemí  |e author  |9 486975 
245 1 0 |a Violencia familiar 
300 |a 327 p 
942 |c BK 
945 |d 20040716 00:00:00  |a cmena 
260 |a Buenos Aires  |b Rubinzal-Culzoni  |c 2002 
650 0 |a Violencia intrafamiliar  |9 312986 
650 0 |a Derechos humanos  |9 223025 
650 0 |a Mujeres  |9 257649 
650 0 |a Problemas sociales  |9 258537 
650 0 |a Mediación  |9 338396 
650 0 |a Niños  |9 255605 
650 0 |a Ancianos   |9 307293 
583 |a last modification  |c 20040716 00:00:00  |k Rodrigo Vera 
999 |c 310061  |d 310059 
952 |0 0  |1 0  |4 0  |6 362_829000000000000_CAD_2002  |7 0  |8 A  |9 378107  |a BIBEDU  |b BIBEDU  |d 2019-11-21  |i 4037014  |o 362.829 CAD 2002  |p 4037014  |r 2019-11-21  |w 2019-11-21  |y BK  |k PAR